Planovo stopanstvo i statistika

Salvato in:
Dettagli Bibliografici
Natura: Periodico
Lingua:bulgaro
Pubblicazione: Sofija Daržavna planova komisija
Tags: Aggiungi Tag
Nessun Tag, puoi essere il primo ad aggiungerne!!

MARC

LEADER 00000nas1a2200000$$$4500
001 0011027
005 20250730114820.0
041 0 |a bul 
044 |a BG 
245 1 0 |a Planovo stopanstvo i statistika 
264 1 |a Sofija  |b Daržavna planova komisija